000 00970cam a2200229 4500
001 ##L134648
008 060822n1997 000 0 eng u
020 _a1860811337
035 _a(Sirsi) u134648
041 0 _aeng
050 0 4 _a693.5 $2 18
100 1 _aCrammond, Norah
245 0 0 _aAvoiding deterioration of cement-based building materials
_blessons from case studies one
260 _aLondon
_bConstruction Research Communications
_c1997
300 _a31p.
_ill.
_c30cm.
490 0 _aBRE Report
_vBR324
520 _aPresents the results of research into potential durability problems associated with cement-based materials. Three of the case studies relate to the thaumasite form of sulfate attack, and one to alkaline hydrolysis with carbonation in high alumina cement concrete.
590 _aIKA220806
690 _aBUILT ENVIRONMENT-BUILDING MATERIALS-CEMENTITIOUS, CONCRETE AND MINERAL BOUND MATERIALS
700 1 _aDunster, Andrew
942 _n0
999 _c105757
_d105757